[Event "EIWCC 2018"]
[Site "Vysoke Tatry"]
[Date "2018.04.16"]
[Round "8"]
[White "Gevorgyan, Maria"]
[Black "Mammadova, Gulnar"]
[Result "0-1"]
[WhiteElo "2226"]
[BlackElo "2360"]
[PlyCount "92"]
[EventDate "2018.??.??"]
[EventType "swiss"]
[EventCountry "SVK"]
[SourceTitle "playchess.com"]
[Source "ChessBase"]
[SourceQuality "1"]

1. e4 e6 2. d4 d5 3. e5 c5 4. c3 Ne7 5. Nf3 Nec6 6. Bd3 b6 7. O-O Ba6 8. Bxa6
Nxa6 9. Qa4 Nab8 10. dxc5 bxc5 11. Qg4 Nd7 12. Re1 h6 13. c4 d4 14. h4 Qc7 15.
Bf4 Nb4 16. Na3 Nd3 17. Nxd4 Nxe1 18. Nxe6 Qc6 19. Nb5 fxe6 20. Rxe1 Kf7 21. h5
Ke8 22. Rd1 Kd8 23. Nd6 Kc7 24. Qxe6 Rd8 25. Qh3 Bxd6 26. Rxd6 Qe4 27. Bg3 Rhe8
28. Re6 Nf8 29. Rd6 Rxd6 30. exd6+ Kc6 31. f3 Qd4+ 32. Kh2 Nd7 33. Qf5 Qxc4 34.
Qg6 Qe6 35. Qc2 Nb6 36. b4 Qd5 37. Qg6 Re2 38. bxc5 Nd7 39. Kh1 Qxa2 40. Qd3
Re6 41. Qd4 Re2 42. Bf4 Re1+ 43. Kh2 Qa1 44. Qc4 Rh1+ 45. Kg3 Qe1+ 46. Kg4 Ne5+
0-1

[Event "EIWCC 2018"]
[Site "Vysoke Tatry"]
[Date "2018.04.16"]
[Round "8"]
[White "Manakova, Maria"]
[Black "Stetsko, Lanita"]
[Result "0-1"]
[WhiteElo "2268"]
[BlackElo "2164"]
[PlyCount "104"]
[EventDate "2018.??.??"]
[EventType "swiss"]
[EventCountry "SVK"]
[SourceTitle "playchess.com"]
[Source "ChessBase"]
[SourceQuality "1"]

1. e4 e5 2. Nf3 Nc6 3. Bc4 Bc5 4. c3 Nf6 5. d3 O-O 6. O-O d5 7. exd5 Nxd5 8. b4
Be7 9. b5 Na5 10. Bxd5 Qxd5 11. c4 Qd7 12. Bd2 e4 13. Bxa5 exf3 14. Qxf3 a6 15.
Bc3 axb5 16. cxb5 Qxb5 17. Qg3 Qg5 18. Qxc7 Be6 19. Bd2 Qc5 20. Qxc5 Bxc5 21.
Be3 Bxe3 22. fxe3 Rfc8 23. Rd1 Bb3 24. Rf1 Bxa2 25. Nd2 g6 26. Rfc1 Rxc1+ 27.
Rxc1 Ra3 28. Rc8+ Kg7 29. Rd8 b5 30. Kf2 Be6 31. e4 Kf6 32. Ke3 b4 33. Rb8 b3
34. h3 h5 35. h4 Kg7 36. g3 Kf6 37. Rb7 g5 38. hxg5+ Kxg5 39. Nf3+ Kg4 40. Nd4
Kxg3 41. Rb5 Bg4 42. Nxb3 h4 43. Nd2 Ra1 44. e5 Re1+ 45. Kd4 h3 46. Ne4+ Kg2
47. Rb2+ Re2 48. Rb8 h2 49. Rb1 Bf5 50. Nd6 Bg6 51. Nc4 h1=Q 52. Ne3+ Rxe3 0-1

[Event "EIWCC 2018"]
[Site "Vysoke Tatry"]
[Date "2018.04.16"]
[Round "8"]
[White "Michna, Marta"]
[Black "Azimova, Karina"]
[Result "0-1"]
[WhiteElo "2367"]
[BlackElo "2069"]
[PlyCount "168"]
[EventDate "2018.??.??"]
[EventType "swiss"]
[EventCountry "SVK"]
[SourceTitle "playchess.com"]
[Source "ChessBase"]
[SourceQuality "1"]

1. d4 d5 2. Nf3 e6 3. Bf4 Bd6 4. Bg3 Qe7 5. Nbd2 Nd7 6. e3 Bxg3 7. hxg3 e5 8.
c4 Ngf6 9. Rc1 c6 10. a3 h6 11. cxd5 Nxd5 12. Bd3 exd4 13. Nxd4 N7f6 14. Nc4
Nb6 15. Na5 O-O 16. Qc2 Rd8 17. Naxc6 bxc6 18. Nxc6 Qf8 19. Nxd8 Qxd8 20. Rh4
Bb7 21. Rd4 Qe8 22. Kf1 Nbd5 23. Qe2 Qe5 24. Rd1 g6 25. Bc4 Re8 26. Kg1 Kg7 27.
e4 Nb6 28. f4 Qh5 29. Qxh5 Nxh5 30. Bb5 Rxe4 31. Rxe4 Bxe4 32. Rd4 Bb7 33. g4
Nf6 34. Be2 Bc8 35. a4 a5 36. b4 Nxa4 37. bxa5 Nc5 38. g5 hxg5 39. fxg5 Nfe4
40. a6 Bxa6 41. Bxa6 Nxg5 42. Bc4 Nce6 43. Rd7 Kf6 44. Kh2 Ne4 45. Ra7 N4g5 46.
Bxe6 Nxe6 47. Kg3 g5 48. Kf3 Kg6 49. Ra6 Kg7 50. Rb6 Kg6 51. g4 Kg7 52. Ke4 Nf8
53. Kf5 Ne6 54. Rb8 Nc5 55. Kxg5 Ne6+ 56. Kf5 Nd4+ 57. Kg5 Ne6+ 58. Kh4 Nf4 59.
Kg3 Ne6 60. Kf3 Ng5+ 61. Kf4 Ne6+ 62. Ke5 Ng5 63. Rb5 Ne6 64. Kd6 Kf6 65. Rf5+
Kg6 66. Ke7 Ng5 67. Rf1 Kg7 68. Rf6 Nh3 69. Rxf7+ Kg6 70. Rf5 Ng5 71. Kd6 Nf7+
72. Ke7 Ng5 73. Rf6+ Kg7 74. Ra6 Nf3 75. Ke6 Kg6 76. Ra8 Kg5 77. Rg8+ Kf4 78.
Kf6 Nd2 79. Rg6 Ne4+ 80. Kg7 Ng5 81. Kh6 Nf7+ 82. Kh5 Ne5 83. Rf6+ Ke4 84. Re6
Kd4 0-1

[Event "EIWCC 2018"]
[Site "Vysoke Tatry"]
[Date "2018.04.16"]
[Round "8"]
[White "Palma, Maria"]
[Black "Kaliadzich, Maryia"]
[Result "1/2-1/2"]
[WhiteElo "2060"]
[BlackElo "2078"]
[PlyCount "149"]
[EventDate "2018.??.??"]
[EventType "swiss"]
[EventCountry "SVK"]
[SourceTitle "playchess.com"]
[Source "ChessBase"]
[SourceQuality "1"]

1. c4 c6 2. e4 d5 3. exd5 cxd5 4. d4 Nf6 5. Nc3 g6 6. Qb3 Bg7 7. cxd5 O-O 8.
Be2 Na6 9. Bf3 Qb6 10. Qxb6 axb6 11. Nge2 Nb4 12. O-O Rd8 13. d6 Rxd6 14. Bf4
Rd7 15. Be5 Nbd5 16. a3 Bh6 17. Rad1 Rd8 18. Nxd5 Nxd5 19. Bxd5 Rxd5 20. Nc3
Rd7 21. d5 f6 22. Bd4 Ra6 23. Rfe1 Kf7 24. f3 Rd8 25. Bf2 Bf5 26. Re2 Bf4 27.
Nb5 h5 28. h3 g5 29. g4 hxg4 30. fxg4 Bg6 31. Nc3 Rd7 32. Re6 Bc2 33. Rde1 Be5
34. Na2 Rxd5 35. R6xe5 Rxe5 36. Rxe5 fxe5 37. Nb4 Ra8 38. Nxc2 Rc8 39. Nb4 Rc1+
40. Kg2 Rb1 41. Bxb6 Rxb2+ 42. Kf3 Rb3+ 43. Be3 Rxa3 44. Ke4 Ra4 45. Bd2 Ke6
46. Be1 Ra8 47. h4 gxh4 48. Bxh4 Rc8 49. Be1 Rc4+ 50. Kf3 Rf4+ 51. Kg3 Re4 52.
Bd2 Re2 53. Bc1 e4 54. Kf4 Kd6 55. g5 Kc5 56. Ba3 Kc4 57. g6 Rg2 58. Kxe4 Kb3
59. Kf5 Kxa3 60. Nd3 b5 61. Nf4 Rg1 62. Ne2 Rf1+ 63. Nf4 Rg1 64. Ne2 Rg2 65.
Nf4 Rg3 66. Ne2 Rd3 67. g7 Rd8 68. Ke6 b4 69. Kxe7 Rc8 70. Kf7 b3 71. g8=Q Rxg8
72. Kxg8 b2 73. Nc3 Kb3 74. Nb1 Kc2 75. Na3+ 1/2-1/2

[Event "EIWCC 2018"]
[Site "Vysoke Tatry"]
[Date "2018.04.16"]
[Round "8"]
[White "Mrvova, Alena"]
[Black "Eric, Jovana"]
[Result "1/2-1/2"]
[WhiteElo "2179"]
[BlackElo "2300"]
[PlyCount "176"]
[EventDate "2018.??.??"]
[EventType "swiss"]
[EventCountry "SVK"]
[SourceTitle "playchess.com"]
[Source "ChessBase"]
[SourceQuality "1"]

1. e4 e6 2. d3 d5 3. Nd2 Nf6 4. Ngf3 c5 5. g3 Nc6 6. Bg2 b5 7. O-O Bb7 8. Re1
Be7 9. c3 Qb6 10. exd5 Nxd5 11. Ne4 O-O 12. Qe2 h6 13. h4 Rad8 14. Nh2 f5 15.
Ng5 hxg5 16. Qxe6+ Kh8 17. hxg5 Rd6 18. Qe2 g6 19. Nf3 Kh7 20. c4 bxc4 21. dxc4
Nc7 22. Bf4 Re6 23. Qc2 Nb4 24. Qb3 Be4 25. a3 Nba6 26. Qc3 Rb8 27. Be5 Qb3 28.
Qd2 Bxf3 29. Re3 Qxc4 30. Bxf3 Rd8 31. Qa5 Nd5 32. b3 Nxe3 33. bxc4 Nxc4 34.
Qc3 Nxe5 35. Kg2 Rd3 36. Rh1+ Kg7 37. Qb2 Rxf3 38. Qb7 Nf7 39. Kxf3 Nxg5+ 40.
Kg2 Nf7 41. Rd1 c4 42. Qc8 Nc5 43. Rc1 Re4 44. Rc2 Nd3 45. Rc3 Nd6 46. Qa6 Re2
47. Rxd3 cxd3 48. Qxd3 Re4 49. Qa6 Nc4 50. a4 Bc5 51. a5 Nd6 52. Qc6 Rc4 53.
Qc7+ Nf7 54. f4 Rc2+ 55. Kf1 Rc3 56. Ke2 Kf6 57. Qc8 Bb4 58. Qa6+ Nd6 59. Qxa7
Rc2+ 60. Kd1 Rd2+ 61. Kc1 Rd5 62. a6 Rc5+ 63. Kb1 Nc4 64. Ka2 Nd6 65. Qb6 Rb5
66. Qd8+ Kf7 67. a7 Ra5+ 68. Qxa5 Bxa5 69. a8=Q Bb4 70. Qc6 Ke6 71. Kb3 Be1 72.
Qf3 Ne4 73. Kc2 Bxg3 74. Qb3+ Kf6 75. Qb2+ Kf7 76. Qe5 Nf6 77. Qc7+ Kf8 78.
Qb8+ Kg7 79. Qc7+ Kf8 80. Qc5+ Kf7 81. Qc4+ Kg7 82. Qb4 Nh5 83. Qe7+ Kg8 84.
Qe8+ Kg7 85. Qe7+ Kg8 86. Qe8+ Kg7 87. Qe7+ Kg8 88. Qe8+ Kg7 1/2-1/2

[Event "EIWCC 2018"]
[Site "Vysoke Tatry"]
[Date "2018.04.17"]
[Round "9"]
[White "Hoang, Thanh Trang"]
[Black "Yildiz Kadioglu, Betul Cemre"]
[Result "1-0"]
[WhiteElo "2437"]
[BlackElo "2286"]
[PlyCount "153"]
[EventDate "2018.??.??"]
[EventType "swiss"]
[EventCountry "SVK"]
[SourceTitle "playchess.com"]
[Source "ChessBase"]
[SourceQuality "1"]

1. d4 d5 2. Bf4 c5 3. e3 Nc6 4. c3 Nf6 5. Nf3 Qb6 6. Qc2 cxd4 7. exd4 Bf5 8.
Qb3 e6 9. Qxb6 axb6 10. Nbd2 Be7 11. h3 Ne4 12. Bb5 O-O 13. Ne5 Nxe5 14. Bxe5
Nd6 15. Be2 Rfc8 16. O-O Ne4 17. Nxe4 Bxe4 18. Rfe1 Bc2 19. Rac1 Bg6 20. a3 h6
21. Bf4 Bf6 22. Bb5 Ra5 23. Bf1 Raa8 24. Kh2 Be4 25. g4 Bh4 26. Bg3 Bg5 27. Ra1
Bf6 28. Be2 Be7 29. f3 Bc2 30. Rac1 Bb3 31. Bd3 Bc4 32. Bc2 Bb5 33. f4 Bd7 34.
f5 Bg5 35. fxe6 fxe6 36. Rcd1 Rf8 37. Rf1 Bb5 38. Rxf8+ Rxf8 39. Re1 Bd7 40.
Kg2 Bd2 41. Re2 Bc1 42. Bd3 b5 43. Bd6 Rf6 44. h4 g5 45. h5 Rf7 46. Bg6 Rf6 47.
b3 Bc6 48. Ra2 Be3 49. a4 bxa4 50. bxa4 Bc1 51. Rc2 Be3 52. Rb2 Bc1 53. Rb1 Be3
54. a5 Rf2+ 55. Kg3 Ra2 56. Rf1 Bf4+ 57. Bxf4 gxf4+ 58. Kxf4 Rxa5 59. Ke5 Ra3
60. Rf3 Ra1 61. Bf7+ Kg7 62. Bxe6 Re1+ 63. Kd6 Re4 64. Rf7+ Kh8 65. Rf6 Re3 66.
Rxh6+ Kg7 67. Rg6+ Kh7 68. g5 Rxc3 69. Rg8 Rg3 70. g6+ Kh6 71. Rh8+ Kg7 72.
Rh7+ Kf6 73. Rf7+ Kg5 74. g7 Kh6 75. Bxd5 Kxh5 76. g8=Q Rxg8 77. Rh7+ 1-0

[Event "EIWCC 2018"]
[Site "Vysoke Tatry"]
[Date "2018.04.17"]
[Round "9"]
[White "Chernyak, Viktoria"]
[Black "Kejzar, Petra"]
[Result "1/2-1/2"]
[WhiteElo "2196"]
[BlackElo "2071"]
[PlyCount "117"]
[EventDate "2018.??.??"]
[EventType "swiss"]
[EventCountry "SVK"]
[SourceTitle "playchess.com"]
[Source "ChessBase"]
[SourceQuality "1"]

1. d4 f5 2. Nc3 Nf6 3. Bg5 d5 4. Bxf6 exf6 5. e3 Be6 6. Bd3 Nc6 7. h4 h5 8. Nh3
g6 9. Nf4 Bf7 10. a3 Bh6 11. g3 Ne7 12. Nce2 c6 13. Qd2 Nc8 14. b3 Nd6 15. c3
Ne4 16. Qc2 O-O 17. c4 b6 18. O-O Qe7 19. cxd5 cxd5 20. Ba6 Rad8 21. Rfc1 g5
22. Ng2 Kh8 23. hxg5 fxg5 24. Qc7 Rd7 25. Qe5+ Qxe5 26. dxe5 f4 27. Bb5 Re7 28.
exf4 gxf4 29. gxf4 Rg8 30. Rc6 Bf8 31. Bd3 Be8 32. Rc2 Reg7 33. Bxe4 dxe4 34.
Ng3 e3 35. Nxe3 h4 36. Kg2 Bc5 37. Nef5 Bc6+ 38. Kf1 hxg3 39. Nxg3 Rxg3 40.
fxg3 Rxg3 41. Rac1 Bb5+ 42. Ke1 Re3+ 43. Kd2 Rd3+ 44. Ke1 Bxa3 45. Rc8+ Kg7 46.
R1c7+ Kg6 47. Rxa7 Bb4+ 48. Kf2 Kf5 49. Rf7+ Ke4 50. e6 Rf3+ 51. Kg2 Bf1+ 52.
Kg1 Bd2 53. Rh8 Be3+ 54. Kh1 Be2 55. e7 Rf1+ 56. Kh2 Rf2+ 57. Kg3 Rf3+ 58. Kg2
Rf2+ 59. Kg3 1/2-1/2

[Event "EIWCC 2018"]
[Site "Vysoke Tatry"]
[Date "2018.04.17"]
[Round "9"]
[White "Sargsyan, Anna M"]
[Black "Cosma, Elena-Luminita"]
[Result "1/2-1/2"]
[WhiteElo "2276"]
[BlackElo "2340"]
[PlyCount "110"]
[EventDate "2018.??.??"]
[EventType "swiss"]
[EventCountry "SVK"]
[SourceTitle "playchess.com"]
[Source "ChessBase"]
[SourceQuality "1"]

1. e4 e6 2. d4 d5 3. Nd2 Nf6 4. e5 Nfd7 5. Bd3 c5 6. c3 b6 7. f4 Ba6 8. Ndf3
Bxd3 9. Qxd3 Nc6 10. Ne2 Rc8 11. f5 cxd4 12. fxe6 fxe6 13. Nexd4 Nc5 14. Qe2
Nxd4 15. cxd4 Ne4 16. O-O Be7 17. Nd2 Rf8 18. Rxf8+ Kxf8 19. Nxe4 dxe4 20. Qxe4
Kg8 21. Be3 Bg5 22. Bxg5 Qxg5 23. Rf1 h6 24. h4 Qd2 25. Kh2 Kh8 26. Rf7 Rg8 27.
Rxa7 Qxb2 28. Qg4 b5 29. a3 Qc3 30. Rb7 Qxa3 31. Qxe6 Qc3 32. Qg4 b4 33. e6 Qc6
34. Rd7 b3 35. d5 Qb6 36. e7 Qf6 37. Qg3 b2 38. Rb7 b1=Q 39. Rxb1 Qxe7 40. d6
Qd7 41. Kh1 Rd8 42. Rd1 Qf5 43. Qe3 Rd7 44. Rd4 Kh7 45. Qd2 Kg8 46. Qc3 Qf1+
47. Kh2 Qf5 48. Qc4+ Qf7 49. Qc6 Qf5 50. Qc3 Qe5+ 51. g3 Qe2+ 52. Kh3 Qf1+ 53.
Kh2 Qf2+ 54. Kh3 Qf1+ 55. Kh2 Qf2+ 1/2-1/2

[Event "EIWCC 2018"]
[Site "Vysoke Tatry"]
[Date "2018.04.17"]
[Round "9"]
[White "Ziaziulkina, Nastassia"]
[Black "Bulmaga, Irina"]
[Result "1/2-1/2"]
[WhiteElo "2363"]
[BlackElo "2414"]
[PlyCount "99"]
[EventDate "2018.??.??"]
[EventType "swiss"]
[EventCountry "SVK"]
[SourceTitle "playchess.com"]
[Source "ChessBase"]
[SourceQuality "1"]

1. e4 e5 2. Nf3 Nc6 3. d4 exd4 4. Nxd4 Nf6 5. Nxc6 bxc6 6. e5 Qe7 7. Qe2 Nd5 8.
c4 Nb6 9. Nc3 Qe6 10. Qe4 g6 11. Bd2 Ba6 12. b3 Bg7 13. O-O-O O-O 14. c5 Bxf1
15. cxb6 Ba6 16. bxc7 Rac8 17. Bf4 f5 18. Qe3 g5 19. Bxg5 f4 20. Qc5 Rf5 21.
Qe7 Qxe5 22. Qxe5 Rxe5 23. Bxf4 Rc5 24. Rxd7 Bxc3 25. Kb1 Rd5 26. Rd1 Rxd1+ 27.
Rxd1 Ba5 28. Rd7 Re8 29. g4 Bc8 30. Rd3 Kf7 31. f3 Ba6 32. Rd4 Bb6 33. Rd6 Bb7
34. Bg5 c5 35. Rd7+ Kg6 36. h4 Bxf3 37. Rd6+ Kg7 38. Rd7+ Kf8 39. Be7+ Kg8 40.
Rd8 Be4+ 41. Kb2 Rxd8 42. cxd8=Q+ Bxd8 43. Bxd8 Kf7 44. Kc3 Ke6 45. Kc4 Kd7 46.
Bf6 Kc6 47. Be7 Bd5+ 48. Kc3 Kb5 49. g5 Bf7 50. Bf8 1/2-1/2

[Event "EIWCC 2018"]
[Site "Vysoke Tatry"]
[Date "2018.04.17"]
[Round "9"]
[White "Pogonina, Natalija"]
[Black "Tomilova, Elena"]
[Result "1-0"]
[WhiteElo "2474"]
[BlackElo "2326"]
[PlyCount "129"]
[EventDate "2018.??.??"]
[EventType "swiss"]
[EventCountry "SVK"]
[SourceTitle "playchess.com"]
[Source "ChessBase"]
[SourceQuality "1"]

1. d4 d5 2. c4 e6 3. Nc3 Nf6 4. Bg5 Be7 5. Nf3 Nbd7 6. e3 c6 7. Bd3 dxc4 8.
Bxc4 Nd5 9. Bxe7 Qxe7 10. O-O Nxc3 11. bxc3 O-O 12. e4 e5 13. Bd3 c5 14. d5 Nb6
15. Nd2 Qh4 16. Qe2 Bd7 17. Rab1 Rad8 18. c4 Bc8 19. Nb3 Na4 20. Qe3 Rd6 21. f4
Rh6 22. h3 exf4 23. Rxf4 Qg5 24. Rf3 Qe5 25. Nxc5 Nc3 26. Rbf1 Nxa2 27. Qf2 Nb4
28. Rxf7 Rf6 29. Rxf8+ Kxf8 30. Qe3 Qc3 31. Rc1 Qe5 32. Nb3 Nxd3 33. Qxd3 Rf4
34. Rf1 Rxf1+ 35. Qxf1+ Ke7 36. Qe1 b6 37. Qe3 Bd7 38. Nd4 g5 39. Nf3 Qf4 40.
Qa3+ Ke8 41. Qxa7 Qe3+ 42. Kh2 Qf4+ 43. Kh1 Qc1+ 44. Ng1 Qxc4 45. Qb8+ Ke7 46.
Qe5+ Kf7 47. Qd6 Bc8 48. e5 b5 49. Qf6+ Ke8 50. Qh8+ Kd7 51. e6+ Ke7 52. Qg7+
Kd6 53. Qf8+ Kxd5 54. e7 Bd7 55. e8=Q Bxe8 56. Qxe8 Qf1 57. Qg8+ Kd4 58. Qxg5
b4 59. Kh2 b3 60. Nf3+ Kc3 61. Qd2+ Kc4 62. Qd4+ Kb5 63. Qd5+ Ka4 64. Qxb3+
Kxb3 65. Nd2+ 1-0

[Event "EIWCC 2018"]
[Site "Vysoke Tatry"]
[Date "2018.04.17"]
[Round "9"]
[White "Novosadova, Kristyna"]
[Black "Milliet, Sophie"]
[Result "0-1"]
[WhiteElo "2240"]
[BlackElo "2391"]
[PlyCount "112"]
[EventDate "2018.??.??"]
[EventType "swiss"]
[EventCountry "SVK"]
[SourceTitle "playchess.com"]
[Source "ChessBase"]
[SourceQuality "1"]

1. d4 Nf6 2. c4 e6 3. Nc3 Bb4 4. Qc2 c5 5. a3 Bxc3+ 6. bxc3 Nc6 7. Nf3 d6 8. e4
e5 9. h3 cxd4 10. cxd4 exd4 11. Bd3 Qa5+ 12. Bd2 Qh5 13. Rb1 O-O 14. Rb5 Ne5
15. Nxe5 dxe5 16. O-O Bd7 17. Rxb7 Qg6 18. f4 Bxh3 19. Bc1 Bc8 20. fxe5 Ng4 21.
Re7 Be6 22. Bf4 Ne3 23. Bxe3 dxe3 24. c5 Qg5 25. Rb7 Qxe5 26. c6 Rac8 27. c7
Rfe8 28. Rc1 Bg4 29. Rxa7 Qd4 30. Ra4 Qb6 31. Ra6 Qd4 32. Qc3 Qxc3 33. Rxc3 e2
34. Kf2 f5 35. Bxe2 Bxe2 36. Kxe2 Rxe4+ 37. Kf3 Kf7 38. a4 Ke7 39. a5 Kd7 40.
Ra7 Rd4 41. a6 Ra4 42. Ke3 h5 43. Kd3 h4 44. Rc2 Kd6 45. Kc3 g5 46. Kb3 Ra1 47.
Kb4 g4 48. Rb2 h3 49. gxh3 g3 50. Kb5 f4 51. Rb7 f3 52. a7 f2 53. Rb6+ Ke7 54.
Re2+ Kf7 55. Rb8 f1=Q 56. Rxc8 Qxe2+ 0-1

[Event "EIWCC 2018"]
[Site "Vysoke Tatry"]
[Date "2018.04.17"]
[Round "9"]
[White "Babiy, Olga"]
[Black "Girya, Olga"]
[Result "0-1"]
[WhiteElo "2318"]
[BlackElo "2470"]
[PlyCount "63"]
[EventDate "2018.??.??"]
[EventType "swiss"]
[EventCountry "SVK"]
[SourceTitle "playchess.com"]
[Source "ChessBase"]
[SourceQuality "1"]

1. e4 c6 2. d4 d5 3. Nc3 dxe4 4. Nxe4 Bf5 5. Ng3 Bg6 6. Nh3 Nd7 7. Bc4 e6 8.
Nf4 Bd6 9. Nxg6 hxg6 10. Ne4 Ndf6 11. Ng5 Qc7 12. Qe2 b5 13. Bb3 b4 14. Bd2 Nh6
15. c4 O-O 16. Nf3 c5 17. dxc5 Bxc5 18. Bxh6 gxh6 19. O-O Rad8 20. Bc2 Rd6 21.
Qe5 Ng4 22. Qe4 Rd4 23. Qe1 Rxc4 24. Bb3 Rf4 25. h3 Rxf3 26. hxg4 Rf4 27. Qe2
h5 28. Rac1 hxg4 29. Qc2 Rf5 30. Rfd1 g3 31. Rd4 gxf2+ 32. Kf1 0-1

[Event "EIWCC 2018"]
[Site "Vysoke Tatry"]
[Date "2018.04.17"]
[Round "9"]
[White "Arakhamia-Grant, Ketevan"]
[Black "Bodnaruk, Anastasia"]
[Result "0-1"]
[WhiteElo "2347"]
[BlackElo "2460"]
[PlyCount "122"]
[EventDate "2018.??.??"]
[EventType "swiss"]
[EventCountry "SVK"]
[SourceTitle "playchess.com"]
[Source "ChessBase"]
[SourceQuality "1"]

1. e4 c5 2. g3 d5 3. exd5 Qxd5 4. Nf3 Bg4 5. Bg2 Nc6 6. h3 Qe6+ 7. Kf1 Bh5 8.
d3 Qd7 9. Na3 e5 10. Be3 Nf6 11. Nc4 Bd6 12. g4 Bg6 13. Nh4 Be7 14. Nxg6 hxg6
15. Qf3 O-O 16. Re1 Rad8 17. Kg1 Nd5 18. h4 b5 19. Nd2 Nxe3 20. Rxe3 Nd4 21.
Qd1 Ne6 22. h5 gxh5 23. Rxh5 Nf4 24. Rh2 c4 25. Ne4 g6 26. g5 Kg7 27. Qf3 Rh8
28. Rxh8 Rxh8 29. Qg3 cxd3 30. cxd3 Rh5 31. Bf3 Rh3 32. Qg4 Qxg4+ 33. Bxg4 Rxe3
34. fxe3 Nxd3 35. Be2 Nxb2 36. Bxb5 Nd1 37. Kg2 Nxe3+ 38. Kf3 Nc2 39. Bd7 Bd8
40. a4 Nb4 41. Bb5 Nc2 42. Bc4 Nd4+ 43. Kg4 Nf5 44. Ba2 a5 45. Nc5 Be7 46. Nd7
e4 47. Kf4 e3 48. Bc4 Bxg5+ 49. Kxg5 Nd4 50. Nc5 e2 51. Nd3 Nf3+ 52. Kf4 e1=Q
53. Nxe1 Nxe1 54. Ke5 g5 55. Kf5 f6 56. Bd5 Nd3 57. Bc4 Nc5 58. Bb5 Kf7 59.
Bc4+ Ke7 60. Bb5 Nb7 61. Bc6 Nd6+ 0-1

[Event "EIWCC 2018"]
[Site "Vysoke Tatry"]
[Date "2018.04.17"]
[Round "9"]
[White "Kovanova, Baira"]
[Black "Szczepkowska, Karina"]
[Result "0-1"]
[WhiteElo "2368"]
[BlackElo "2403"]
[PlyCount "114"]
[EventDate "2018.??.??"]
[EventType "swiss"]
[EventCountry "SVK"]
[SourceTitle "playchess.com"]
[Source "ChessBase"]
[SourceQuality "1"]

1. Nf3 Nf6 2. c4 e6 3. Nc3 d5 4. e3 c6 5. b3 Bd6 6. Bb2 O-O 7. Be2 Nbd7 8. Qc2
Re8 9. O-O Nf8 10. d4 Ng6 11. Rfd1 Qe7 12. e4 Bb4 13. e5 Nd7 14. a3 Ba5 15. b4
Bd8 16. Bc1 f6 17. exf6 gxf6 18. Bh6 Kh8 19. Re1 Rg8 20. cxd5 cxd5 21. Bd3 Nb6
22. Qb3 Bd7 23. a4 Qf7 24. a5 Nc4 25. Bxc4 dxc4 26. Qxc4 Ne7 27. Ne4 Qg6 28.
Bg5 Nd5 29. Nc5 Rc8 30. Qb3 Rxc5 31. bxc5 Bc8 32. a6 bxa6 33. Rxa6 Bxa6 34.
Rxe6 Qd3 35. Qxd3 Bxd3 36. Bh6 a5 37. Rd6 Nc3 38. Rd7 Be4 39. Nd2 Bd5 40. f3 f5
41. Nb1 Nxb1 42. Rxd5 a4 43. Rxf5 a3 44. Rf7 Nc3 45. Ra7 Nb5 46. Ra6 Rg6 47.
Ra8 Rxh6 48. Rxd8+ Kg7 49. Ra8 Re6 50. Kf2 Re7 51. c6 Ra7 52. Rb8 a2 53. Rb7+
Kh6 54. c7 Ra8 55. Rb6+ Kg7 56. c8=Q Rxc8 57. Ra6 Rc2+ 0-1

[Event "EIWCC 2018"]
[Site "Vysoke Tatry"]
[Date "2018.04.18"]
[Round "10"]
[White "Zpevakova, Jana"]
[Black "Leite Oralova, Catarina"]
[Result "1-0"]
[WhiteElo "2106"]
[BlackElo "2134"]
[PlyCount "99"]
[EventDate "2018.??.??"]
[EventType "swiss"]
[EventCountry "SVK"]
[SourceTitle "playchess.com"]
[Source "ChessBase"]
[SourceQuality "1"]

1. d4 Nf6 2. c4 e6 3. Nf3 Bb4+ 4. Nbd2 O-O 5. a3 Bxd2+ 6. Qxd2 Ne4 7. Qc2 f5 8.
g3 d6 9. Bg2 a5 10. b3 Nd7 11. h4 c5 12. Bb2 b6 13. Ng5 Ndf6 14. Nxe4 Nxe4 15.
Bxe4 fxe4 16. Qxe4 Ra7 17. O-O Raf7 18. Rad1 Qc7 19. Bc1 e5 20. dxe5 dxe5 21.
f3 Bb7 22. Qe3 e4 23. f4 Rd7 24. Bb2 Rfd8 25. Rxd7 Qxd7 26. f5 Qd2 27. Bc1 Qd4
28. Kh2 Qxe3 29. Bxe3 Kf7 30. g4 Ba6 31. a4 Bc8 32. Kg3 Rd6 33. Kf4 Bb7 34. Ke5
Rd8 35. h5 h6 36. Rg1 Ba8 37. g5 hxg5 38. Rxg5 Bc6 39. Rg6 Re8+ 40. Kd6 Rc8 41.
Bg5 Be8 42. Kd5 Kg8 43. Rxb6 e3 44. h6 Bh5 45. Bxe3 Bxe2 46. Rg6 Bf3+ 47. Ke5
Rc7 48. hxg7 Bd1 49. f6 Kf7 50. Ke4 1-0

[Event "EIWCC 2018"]
[Site "Vysoke Tatry"]
[Date "2018.04.18"]
[Round "10"]
[White "Prudnykova, Olga"]
[Black "Ghukasyan, Siranush"]
[Result "1-0"]
[WhiteElo "2281"]
[BlackElo "2195"]
[PlyCount "53"]
[EventDate "2018.??.??"]
[EventType "swiss"]
[EventCountry "SVK"]
[SourceTitle "playchess.com"]
[Source "ChessBase"]
[SourceQuality "1"]

1. b3 e5 2. Bb2 Nc6 3. e3 g6 4. f4 Bg7 5. Nf3 d6 6. Bb5 Nge7 7. fxe5 O-O 8. Nc3
dxe5 9. O-O h6 10. Ba3 Bd7 11. Qe1 a6 12. Bxc6 Bxc6 13. e4 Re8 14. Qg3 Nc8 15.
Rf2 Nd6 16. d3 Qd7 17. Raf1 Qe6 18. Nh4 Rf8 19. Nd1 b6 20. Ne3 h5 21. Nef5 Rad8
22. Nxg7 Kxg7 23. Qg5 Rde8 24. Bxd6 cxd6 25. Rf6 Qg4 26. Nf5+ Kg8 27. Nh6+ 1-0

[Event "EIWCC 2018"]
[Site "Vysoke Tatry"]
[Date "2018.04.18"]
[Round "10"]
[White "Warakomska, Anna"]
[Black "Arda, Cagil Irmak"]
[Result "1-0"]
[WhiteElo "2306"]
[BlackElo "2199"]
[PlyCount "69"]
[EventDate "2018.??.??"]
[EventType "swiss"]
[EventCountry "SVK"]
[SourceTitle "playchess.com"]
[Source "ChessBase"]
[SourceQuality "1"]

1. e4 c6 2. d4 d5 3. e5 c5 4. dxc5 Nc6 5. Nf3 Bg4 6. Bb5 Qa5+ 7. Nc3 e6 8. Be3
Nge7 9. a3 O-O-O 10. b4 Qc7 11. Bxc6 bxc6 12. Bd4 Nf5 13. Qd3 f6 14. exf6 Nxd4
15. Nxd4 gxf6 16. h3 Bh5 17. O-O Re8 18. Rfe1 Bf7 19. Qa6+ Kd7 20. b5 Bxc5 21.
bxc6+ Kd8 22. Rab1 Bb6 23. Ncb5 Qc8 24. Qxc8+ Kxc8 25. Nd6+ Kc7 26. Nxf7 Rhg8
27. Nxe6+ Kxc6 28. Nh6 Rg6 29. Nf5 Kd7 30. Nf4 Rxe1+ 31. Rxe1 Rg5 32. Re7+ Kc6
33. Re6+ Kd7 34. Rxf6 Bd8 35. Rd6+ 1-0

[Event "EIWCC 2018"]
[Site "Vysoke Tatry"]
[Date "2018.04.18"]
[Round "10"]
[White "Dzagnidze, Nana"]
[Black "Girya, Olga"]
[Result "1-0"]
[WhiteElo "2507"]
[BlackElo "2470"]
[PlyCount "81"]
[EventDate "2018.??.??"]
[EventType "swiss"]
[EventCountry "SVK"]
[SourceTitle "playchess.com"]
[Source "ChessBase"]
[SourceQuality "1"]

1. f4 d5 2. Nf3 Nf6 3. b3 Bf5 4. Bb2 e6 5. e3 Be7 6. Be2 h6 7. O-O O-O 8. Ne5
Nfd7 9. Bd3 Bxd3 10. Nxd3 Nc6 11. Nc3 d4 12. exd4 Nxd4 13. Ne4 Nf6 14. Ng3 c5
15. f5 Bd6 16. fxe6 fxe6 17. Bxd4 cxd4 18. Qe2 Qc7 19. Ne4 Bxh2+ 20. Kh1 Rae8
21. Nxf6+ gxf6 22. Qg4+ Kh7 23. Qxd4 f5 24. Qxa7 Bd6 25. c4 Rg8 26. Rf3 Rg4 27.
Rh3 Reg8 28. Qe3 Qg7 29. Rg1 e5 30. Qf3 Rg5 31. Qd5 Rg6 32. Ne1 Qe7 33. Rf1 Rg5
34. d4 exd4 35. Nf3 Rxg2 36. Qxf5+ R8g6 37. Nxd4 R2g3 38. Rxg3 Bxg3 39. Qf7+
Rg7 40. Qxe7 Rxe7 41. Nf5 1-0

[Event "EIWCC 2018"]
[Site "Vysoke Tatry"]
[Date "2018.04.18"]
[Round "10"]
[White "Hereklioglu, Sude"]
[Black "Pavlidou, Ekaterini"]
[Result "0-1"]
[WhiteElo "2123"]
[BlackElo "2164"]
[PlyCount "78"]
[EventDate "2018.??.??"]
[EventType "swiss"]
[EventCountry "SVK"]
[SourceTitle "playchess.com"]
[Source "ChessBase"]
[SourceQuality "1"]

1. e4 c5 2. Nf3 g6 3. Nc3 Bg7 4. Bc4 Nc6 5. O-O a6 6. a4 d6 7. d3 e6 8. Bf4
Nge7 9. Re1 h6 10. Qc1 g5 11. Be3 Ng6 12. Ne2 g4 13. Nd2 Nce5 14. c3 d5 15.
exd5 exd5 16. d4 Nxc4 17. Nxc4 dxc4 18. Ng3 O-O 19. Bxh6 Qh4 20. Bg5 Qh8 21. d5
Bd7 22. Ne4 Be5 23. Bh6 Rac8 24. Qg5 Rfd8 25. h4 gxh3 26. f4 Bg7 27. Bxg7 Kxg7
28. f5 Bxf5 29. Qxf5 hxg2 30. Qf6+ Kg8 31. Qxh8+ Kxh8 32. Red1 Nf4 33. d6 Kg7
34. Kh2 f5 35. Ng5 Kf6 36. Nf3 Rg8 37. Re1 Rg7 38. Rad1 g1=Q+ 39. Nxg1 Rh8+ 0-1